<?xml version="1.0" encoding="UTF-8"?>
<record
    xmlns:xsi="http://www.w3.org/2001/XMLSchema-instance"
    xsi:schemaLocation="http://www.loc.gov/MARC21/slim http://www.loc.gov/standards/marcxml/schema/MARC21slim.xsd"
    xmlns="http://www.loc.gov/MARC21/slim">

  <leader>00446nam a2200169   4500</leader>
  <controlfield tag="005">20260113174231.0</controlfield>
  <controlfield tag="008">260113b        |||||||| |||| 00| 0 eng d</controlfield>
  <datafield tag="020" ind1=" " ind2=" ">
    <subfield code="a">978-0-3407-9440-1</subfield>
  </datafield>
  <datafield tag="041" ind1=" " ind2=" ">
    <subfield code="a">English</subfield>
  </datafield>
  <datafield tag="082" ind1=" " ind2=" ">
    <subfield code="a">X294.34 LAM</subfield>
    <subfield code="b">B12172</subfield>
  </datafield>
  <datafield tag="100" ind1=" " ind2=" ">
    <subfield code="a">Lama, Dalai</subfield>
    <subfield code="9">216343</subfield>
  </datafield>
  <datafield tag="245" ind1=" " ind2=" ">
    <subfield code="a">The Art of Happiness in a Troubled World</subfield>
  </datafield>
  <datafield tag="260" ind1=" " ind2=" ">
    <subfield code="a">London</subfield>
    <subfield code="b">Yellow kite</subfield>
    <subfield code="c">2020</subfield>
  </datafield>
  <datafield tag="300" ind1=" " ind2=" ">
    <subfield code="a">338p.</subfield>
    <subfield code="b">pb</subfield>
  </datafield>
  <datafield tag="365" ind1=" " ind2=" ">
    <subfield code="a">Rupaye</subfield>
    <subfield code="b">328</subfield>
    <subfield code="c">INR</subfield>
  </datafield>
  <datafield tag="942" ind1=" " ind2=" ">
    <subfield code="c">BK</subfield>
  </datafield>
  <datafield tag="999" ind1=" " ind2=" ">
    <subfield code="c">369881</subfield>
    <subfield code="d">369881</subfield>
  </datafield>
  <datafield tag="952" ind1=" " ind2=" ">
    <subfield code="0">0</subfield>
    <subfield code="1">0</subfield>
    <subfield code="2">ddc</subfield>
    <subfield code="4">0</subfield>
    <subfield code="7">0</subfield>
    <subfield code="8">NFIC</subfield>
    <subfield code="a">BTIN</subfield>
    <subfield code="b">BTIN</subfield>
    <subfield code="d">2025-12-30</subfield>
    <subfield code="e">Amazon(online) 171-8166755-5088351</subfield>
    <subfield code="g">311.60</subfield>
    <subfield code="i">DED4- 4449435</subfield>
    <subfield code="l">0</subfield>
    <subfield code="o">X294.34 LAM B12172</subfield>
    <subfield code="p">BTIN-BK-12172</subfield>
    <subfield code="r">2026-01-13 17:43:21</subfield>
    <subfield code="t">16.40</subfield>
    <subfield code="v">328.00</subfield>
    <subfield code="w">2025-12-18</subfield>
    <subfield code="y">BK</subfield>
    <subfield code="z">BTIN-BK-12172</subfield>
  </datafield>
</record>
